000 01035nam a2200325 i 4500
003 DO-SdBNP
005 20260415142704.0
007 ta
008 260415b1968 dr ||||| |||| 00| 0 spa d
040 _aDO-SdBNP
_bspa
_cBNPHU
_erda
041 _aspa
049 _aBNPD
082 4 _aRD860.44
_bR426p 1968
_222
110 1 _aRepública Dominicana.
_bJunta Central Electoral
_923478
245 1 0 _aProyecciones 8
260 1 _aSanto Domingo de Gúzman, República Dominicana :
_bJunta Central Electoral,
_c1968.
300 _a187 páginas ;
_c19 cm.
336 _atexto
_btxt
_2rdacontent
337 _asin mediación
_bn
_2rdamedia
338 _avolumen
_bnc
_2rdacarrier
504 _aBibliografía: páginas 183-184
590 _aInventariado, 2026/BT
650 0 _aLiteratura dominicana.
_967
650 0 _aPoesía dominicana
_966
650 4 _aDiscurso político
_923479
650 0 _aDemocracia
_9286
651 0 _aREPÚBLICA DOMINICANA
_xHISTORIA
_xRESTAURACIÓN
_y1863-1865
_92563
910 _aBtavárez
942 _2ddc
_cLBS1
999 _c60555
_d60555